000 00642nam a2200277Ia 4500
008 210210b1928 xxu||||| |||| 00| 0 eng d
041 _aeng
082 _a545 CUMT
100 _aCUMMING (Alex charles)
245 _aText book of quantitative chemical analysis Ed 5
250 _a
260 _aLondon
_bGurney & Jackson
_c1928
300 _axv,440
650 _aText
650 _aquantitative
650 _aof
650 _aEd
650 _achemical
650 _abook
650 _aanalysis
650 _a5.
650 _a5
690 _aQuantitative Chemistry
700 _aKAY (Sydney alexander)
906 _a009906
999 _c140614
_d140614